| 000 | 00701nam a22002297a 4500 | ||
|---|---|---|---|
| 005 | 20170124110204.0 | ||
| 010 | _aA-870999 | ||
| 020 | _c150.00 | ||
| 035 | _aA-870999 | ||
| 037 | _bCen Lib/Ret | ||
| 040 |
_aDPL _bEN |
||
| 082 |
_a001.64 _bDAV |
||
| 100 |
_aDavis, Stephen R. _936858 |
||
| 245 |
_aWindows 95 programming for dummies / _cby Stephen R.Davis |
||
| 260 |
_aDelhi _bPustak Mahal _c1995 |
||
| 270 |
_bDelhi _a6686, Khari Baoli _e110006 |
||
| 300 |
_axxiii,520p. : _c24cm(Hb) _bill. |
||
| 500 | _aIncludes index | ||
| 650 |
_aWindows (Computer programs) -- Handbooks, manuals, etc _936859 |
||
| 650 |
_aComputer programming _91122 |
||
| 942 |
_2ddc _cEN _h001.64 _mDAV |
||
| 999 |
_c133111 _d133111 |
||